000 01715nam a22001577a 4500
041 _aukr
080 _a09
090 _bКОВ
100 _aКоваленко О. М.
245 _aПоетичні школи американської лірики середини ХХ століття
260 _aОстрог
_bКАФ
_c2006
300 _a52
520 _aВступ. Розділ 1. Емма Андрієвська ян представниця нью-йорської поетичної школи. 1.1. Основні мотиви у ліриці Емми Андрієвської. 1.2. Структурні та мовленнєві особливості поетичних творів Емми Андрієвської. Розділ 2. Вплив експресіонізму на творчість поетів школи Блек Маунтин. 2.1. Філософські концепціїяк підгрунтя творчості Роберта Крілі. 2.2. Експериментальні прийоми побудови вірша як засіб вираження філософських настроїв покоління. Розділ 3. Особливості американського сюрреалізму на прикладі творчості Марка Стренда. 3.1 Ідейно-філософський базис сюрреалізму. 3.2. Автоматичне письмо як засіб втілення основних концепцій сюрреалістичного світобачення у творчості Марка Стренда. Висновки.
_0літературознавсто
650 _aResearch Papers
999 _c283416
_d283416
942 _cBK